000 01384cam a22003977a 4500
003 CHAP
005 20220329142116.0
008 990601d1998 mx a r 00110 eng d
010 _a78549
011 _a79521
035 _a89779
040 _cCHAP
090 _aFolleto 15393
100 0 0 _aSain, Gustavo E.
_9101213
245 1 3 _aAn economic analysis of the abonera maize production system in the atlantic coast of Honduras
_c/by Gustavo Sain and Daniel Buckles
260 _aMéxico, D.F. :
_bCentro Internacional de Mejoramiento de Maíz y Trigo,
_c1998.
300 _a32 p. :
_bilus. ; gráfs. ; tablas
410 2 1 _aCIMMYT
490 0 _aEconomics. Working paper
_v; 98-02
590 _aBATCH-UPD
_b10
_c20130110
_lUCH01
_h0154
590 _aBATCH-UPD
_b10
_c20130110
_lUCH01
_h1105
590 _aBATCH-UPD
_b10
_c20130410
_lUCH01
_h0658
590 _aBATCH-UPD
_b10
_c20130913
_lUCH01
_h1840
590 _aCONVERSION
_b10
_c20130109
_lUCH01
_h1344
650 1 4 _aAbonos verdes.
_9282
650 1 4 _aMaíz
_xRendimiento.
_971051
650 1 4 _aMaíz
_zHonduras.
_971094
650 1 4 _aMucuna deeringiana.
_979258
700 0 _aBuckles, Daniel.
_915906
810 2 1 _aCIMMYT
_923309
830 0 _aEconomics. Working paper
_v; 98-02
_935222
901 _aBK
905 _aAlejandra Carrasco M.
942 _cFOLL
949 _aFolleto 15393
_bBC
_cFOLL
_d897791
_eTS1
_i89779
_kDonaciØn
_sb
999 _c78549
_d78549